Eighties Cartoon Characters by Picture - Statistics

General Stats
  • This quiz has been taken 128 times
  • The average score is 13 of 20
Answer Stats
Picture Answer % Correct
Popeye
96%
Alvin and the Chipmunks
95%
Garfield
92%
Tarzan, Lord of the Jungle
91%
Kermit from the Muppet Babies
89%
Smurfette
87%
R2-D2 from Droids
82%
He-Man from Masters of the Universe
81%
Tenderheart from the Care Bears
79%
Donatello from Teenage Mutant Ninja Turtles
78%
Optimus Prime from Transformers
78%
Pac-Man
76%
Mighty Mouse
69%
Mister T
66%
Firefly from My Little Pony
57%
Jem and the Holograms
32%
Allstar Seaworthy from Snorks
26%
Dungeon Master from Dungeons and Dragons
19%
Monchichi
18%
The Brown Hornet
13%
No matching quizzes found
Score Distribution
Percent of People with Each Score
Percentile by Number Answered
Your Score History
You have not taken this quiz